| 000 | 00820nam a2200265Ia 4500 | ||
|---|---|---|---|
| 003 | OSt | ||
| 005 | 20220925200038.0 | ||
| 006 | a|||||r|||| 00| 0 | ||
| 007 | ta | ||
| 008 | 220923b |||||||| |||| 00| 0 eng d | ||
| 037 | _cGeneral Book | ||
| 040 |
_aRTL _cRTL _beng |
||
| 041 |
_2eng _aeng |
||
| 082 | _aY9(W).1-1.N7, L2 | ||
| 100 |
_aRabushka Alvin _9256451 |
||
| 245 | 0 |
_aPolitics in plural societies _b A theory of democra |
|
| 260 |
_aColumbus _bMerrill _c1972 |
||
| 300 |
_avii, 232p _ccm. |
||
| 490 | _aMerrill Political Science Series. Ed by John C Wablke | ||
| 500 | _aBibliography: P 218-28 | ||
| 650 | _aPolitical Sociology | ||
| 700 |
_a Shepsle Kenneth _9256452 |
||
| 942 |
_hY9(W).1-1.N7, L2 _cGB _2CC |
||
| 999 |
_c535245 _d535245 |
||